1470 1757 1714 1614 1784 1782 1536 1991 1586 1430 1270 1603 1901 1746 1750 1809 1424 1027 1796 1031 1309 1891 1944 1384 1949 1994 1379 1278 1666 1100 1541 1636 1474 1102 1305 1850 1948 1460 1622 1422 1658 1790 1012 1317 1091 1094 1327 1599 1395 1072 1835 1315 1662 1675 1619 1855 1512 1314 1712 1202 1049 1437 1027 1179 1736 1123 1172 1354 1212 1118 1125 1108 1617 1162 1054 1131 1662 1481 1604 1111 1912 1912 1673 1919 1295 1717 1010 1058 1247 1955 1584 1405 1655 1936 1547 1599 1282 1544 1776 BCNSPRNW ULIB Ver.6.0+V

เปลี่ยนเป็นภาษาไทย

Change to English
 แสดงรายละเอียดบรรณานุกรม
  กลับหน้าหลัก

Brief Record : Get Marc (ISO 2709) : E-mail record : QR code < ปิดหน้าต่าง
LEADER : 00000nam 2200000uu 4500
001    13399124939
003     ULIB
008    160524s2558||||th 000 0 tha d
020    ^a9786163980311
060    ^aWY16^bอ792พ
100    ^aอุดมรัตน์ สงวนศิริธรรม
245    ^aพฤติกรรมจริยธรรมของพยาบาลวิชาชีพ/^cอุดมรัตน์ สงวนศิริธรรม
250    ^aพิมพ์ครั้งที่ 1
260    ^aเชียงใหม่ :^bมหาวิทยาลัยเชียงใหม่,^c2558
300    ^a135 หน้า;^b24.5 ซม.
650    ^aจริยธรรม^xพยาบาล
650    ^aพยาบาล^xวิชาชีพ
700    ^aสมใจ ศิระกมล
710    ^aมหาวิทยาลัยเชียงใหม่^bโครงการตำราคณะพยาบาลศาสตร์
945    ^p180^l0^i000873
945    ^p180^l0^i000874
945    ^p180^l0^i000875
945    ^p180^l0^i000876
945    ^p180^l0^i000877
945    ^p180^l0^i000878
945    ^p180^l0^i000879
945    ^p180^l0^i000880
945    ^p180^l0^i000881
945    ^p180^l0^i000882
945    ^p180^l0^i000883
945    ^p180^l0^i000884
945    ^p180^l0^i000885
945    ^p180^l0^i000886
945    ^p180^l0^i000887
999    ^aเกษร โพธิ์สุวรรณ
รายการนี้ยังไม่มีแท็ก
คุณยังไม่ได้ล็อกอิน คุณสามารถมีกิจกรรมร่วมกับเว็บไซต์ได้ แต่ต้องล็อกอินก่อน ::
  ล็อกอิน

รายการสื่อสารสนเทศ

ลำดับที่ ประเภท เลขเรียก/บาร์โค้ด สถานที่ สถานะ
1. Book การพยาบาล
Book การพยาบาล
สถานะ=หนังสือเก่า
WY16 อ792พ ฉ.1 
  Barcode: 000873
ห้องสมุดวิทยาเขตสวรรค์ประชารักษ์
►ส่วนจัดเก็บหนังสือเก่า สปร
บนชั้น
  ขอยืม
2. Book การพยาบาล
Book การพยาบาล
สถานะ=หนังสือเก่า
WY16 อ792พ ฉ.10 
  Barcode: 000882
ห้องสมุดวิทยาเขตสวรรค์ประชารักษ์
►ส่วนจัดเก็บหนังสือเก่า สปร
บนชั้น
  ขอยืม
3. Book การพยาบาล
Book การพยาบาล
สถานะ=หนังสือเก่า
WY16 อ792พ ฉ.11 
  Barcode: 000883
ห้องสมุดวิทยาเขตสวรรค์ประชารักษ์
►ส่วนจัดเก็บหนังสือเก่า สปร
บนชั้น
  ขอยืม
4. Book การพยาบาล
Book การพยาบาล
สถานะ=หนังสือเก่า
WY16 อ792พ ฉ.12 
  Barcode: 000884
ห้องสมุดวิทยาเขตสวรรค์ประชารักษ์
►ส่วนจัดเก็บหนังสือเก่า สปร
บนชั้น
  ขอยืม
5. Book การพยาบาล
Book การพยาบาล
สถานะ=หนังสือเก่า
WY16 อ792พ ฉ.13 
  Barcode: 000885
ห้องสมุดวิทยาเขตสวรรค์ประชารักษ์
►ส่วนจัดเก็บหนังสือเก่า สปร
บนชั้น
  ขอยืม
6. Book การพยาบาล
Book การพยาบาล
สถานะ=หนังสือเก่า
WY16 อ792พ ฉ.14 
  Barcode: 000886
ห้องสมุดวิทยาเขตสวรรค์ประชารักษ์
►ส่วนจัดเก็บหนังสือเก่า สปร
บนชั้น
  ขอยืม
7. Book การพยาบาล
Book การพยาบาล
สถานะ=หนังสือเก่า
WY16 อ792พ ฉ.15 
  Barcode: 000887
ห้องสมุดวิทยาเขตสวรรค์ประชารักษ์
►ส่วนจัดเก็บหนังสือเก่า สปร
บนชั้น
  ขอยืม
8. Book การพยาบาล
Book การพยาบาล
สถานะ=หนังสือเก่า
WY16 อ792พ ฉ.2 
  Barcode: 000874
ห้องสมุดวิทยาเขตสวรรค์ประชารักษ์
►ส่วนจัดเก็บหนังสือเก่า สปร
บนชั้น
  ขอยืม
9. Book การพยาบาล
Book การพยาบาล
สถานะ=หนังสือเก่า
WY16 อ792พ ฉ.3 
  Barcode: 000875
ห้องสมุดวิทยาเขตสวรรค์ประชารักษ์
►ส่วนจัดเก็บหนังสือเก่า สปร
บนชั้น
  ขอยืม
10. Book การพยาบาล
Book การพยาบาล
สถานะ=หนังสือเก่า
WY16 อ792พ ฉ.4 
  Barcode: 000876
ห้องสมุดวิทยาเขตสวรรค์ประชารักษ์
►ส่วนจัดเก็บหนังสือเก่า สปร
บนชั้น
  ขอยืม
11. Book การพยาบาล
Book การพยาบาล
สถานะ=หนังสือเก่า
WY16 อ792พ ฉ.5 
  Barcode: 000877
ห้องสมุดวิทยาเขตสวรรค์ประชารักษ์
►ส่วนจัดเก็บหนังสือเก่า สปร
บนชั้น
  ขอยืม
12. Book การพยาบาล
Book การพยาบาล
สถานะ=หนังสือเก่า
WY16 อ792พ ฉ.6 
  Barcode: 000878
ห้องสมุดวิทยาเขตสวรรค์ประชารักษ์
►ส่วนจัดเก็บหนังสือเก่า สปร
บนชั้น
  ขอยืม
13. Book การพยาบาล
Book การพยาบาล
สถานะ=หนังสือเก่า
WY16 อ792พ ฉ.7 
  Barcode: 000879
ห้องสมุดวิทยาเขตสวรรค์ประชารักษ์
►ส่วนจัดเก็บหนังสือเก่า สปร
บนชั้น
  ขอยืม
14. Book การพยาบาล
Book การพยาบาล
สถานะ=หนังสือเก่า
WY16 อ792พ ฉ.8 
  Barcode: 000880
ห้องสมุดวิทยาเขตสวรรค์ประชารักษ์
►ส่วนจัดเก็บหนังสือเก่า สปร
บนชั้น
  ขอยืม
15. Book การพยาบาล
Book การพยาบาล
สถานะ=หนังสือเก่า
WY16 อ792พ ฉ.9 
  Barcode: 000881
ห้องสมุดวิทยาเขตสวรรค์ประชารักษ์
►ส่วนจัดเก็บหนังสือเก่า สปร
บนชั้น
  ขอยืม

รายการใกล้เคียง
    ผู้แต่ง [อุดมรัตน์ สงวนศิริธรรม]

BibComment


ยังไม่เคยถูกคอมเมนท์

คอมเมนท์ทรัพยากรรายการนี้
  คอมเมนท์: พฤติกรรมจริยธรรม..


 Copyright 2026. Bcnsprnw @Library